000 01613cam a22002895a 4500
001 L139777
008 070807s2007 xxkoe f 000 0 eng d
020 _a9781873394847
022 1 _a1355-6207
035 _a(Sirsi) u139777
041 0 _aeng
050 0 4 _a690.241 $2 18
245 0 0 _aConservation of modern architecture
260 _aLower Coombe
_bDonhead
_c2007
300 _a190p.
_bill.
_c25cm.
350 _a28
505 2 _aPoints of balance: patterns of practice in the conservation of modern architecture -- Conservation values, climate change and modern architecture: the case of the CIS Tower -- Yale University Art Gallery: challenges for the rehabilitation of modern museum buildings -- The Billiet House, Bruges: reconstruction of a colour scheme -- Harry Seidler and the legacy of modern architecture in Australia -- The greenside case -- Challenges in protecting 1960s architect-designed houses -- ICOMOS: Twentieth Century Heritage International Scientific Committee -- Docomomo International -- Doconomo UK -- Living in the Brunswick Centre
520 _aThis collection of papers examines the current philosophical, policy and technical concerns for the protection and maintenance of modern buildings. Includes examples of international projects relating to these themes.
590 _aKA
651 4 _aInternational
690 _aBUILT ENVIRONMENT-BUILDING MAINTENANCE AND REFURBISHMENT-BUILDING CONSERVATION
700 1 _aMacdonald, Susan
_eEditor
700 1 _aNormandin, Kyle
_eEditor
700 1 _aKindred, Bob
_eEditor
700 1 _aPearce, Jill
_eEditor
942 _n0
999 _c107344
_d107344